[Event "CZE-ch U10"]
[Site "Kouty nad Desnou"]
[Date "2017.03.18"]
[Round "9"]
[White "Vasinek, Martin"]
[Black "Korsinskij, Marek"]
[Result "0-1"]
[WhiteElo "1444"]
[BlackElo "1648"]
[PlyCount "80"]
[EventDate "2017.03.11"]
[EventType "swiss"]
[EventRounds "9"]
[EventCountry "CZE"]
[SourceTitle "CBM 177 Extra"]
[Source "ChessBase"]
[SourceDate "2017.04.27"]
[SourceVersion "1"]
[SourceVersionDate "2017.04.27"]
[SourceQuality "1"]

1. d4 Nf6 2. c4 g6 3. Nc3 Bg7 4. e4 d6 5. Bd3 0-0 6. Be3 Nc6 7. Nge2 e5 8. d5 Ne7 9. Qd2 Nd7 10. 0-0-0 f5 11. f3 f4 12. Bf2 a6 13. Kb1 Kh8 14. h4 h6 15. Rdg1 Nf6 16. c5 Bd7 17. Nc1 a5 18. a3 Qe8 19. N1a2 Nc8 20. Qe2 Rf7 21. Nb5 Bxb5 22. Bxb5 c6 23. dxc6 bxc6 24. Ba4 d5 25. exd5 Nxd5 26. Rd1 Qe6 27. Qe4 Nce7 28. Bb3 Rb8 29. Bc4 Qd7 30. Rd2 Nc3+ 31. Kc2 Rxb2+ 32. Kxb2 Qxd2+ 33. Qc2 Qxc2+ 34. Kxc2 Ncd5 35. Rd1 Rf8 36. Nc3 Nxc3 37. Kxc3 e4+ 38. Kc2 e3 39. Be1 Nf5 40. Be6 Nd4+ 0-1

[Event "CZE-ch U10"]
[Site "Kouty nad Desnou"]
[Date "2017.03.17"]
[Round "8"]
[White "Korsinskij, Marek"]
[Black "Smolik, Jachym"]
[Result "1-0"]
[WhiteElo "1648"]
[BlackElo "1307"]
[PlyCount "175"]
[EventDate "2017.03.11"]
[EventType "swiss"]
[EventRounds "9"]
[EventCountry "CZE"]
[SourceTitle "CBM 177 Extra"]
[Source "ChessBase"]
[SourceDate "2017.04.27"]
[SourceVersion "1"]
[SourceVersionDate "2017.04.27"]
[SourceQuality "1"]

1. e4 c5 2. Nf3 e6 3. d4 cxd4 4. Nxd4 Nf6 5. Nc3 Nc6 6. Ndb5 d6 7. Bf4 e5 8. Be3 a6 9. Na3 b5 10. Nd5 Rb8 11. Bd3 Be6 12. 0-0 Be7 13. c4 b4 14. Nc2 0-0 15. Qd2 a5 16. f3 Nd7 17. Rad1 Nc5 18. Be2 b3 19. Nxe7+ Qxe7 20. axb3 Rfd8 21. Bxc5 dxc5 22. Qc3 Rxd1 23. Rxd1 Qb7 24. Rd3 a4 25. bxa4 Qxb2 26. Kf1 Qxc3 27. Rxc3 Kf8 28. Ke1 Nd4 29. Nxd4 cxd4 30. Ra3 Rc8 31. a5 Bxc4 32. a6 Bxe2 33. Kxe2 Ke7 34. a7 Ra8 35. Kd3 f6 36. Kc4 Kd7 37. Kb5 Kc7 38. f4 Kb7 39. fxe5 fxe5 40. Rg3 Rg8 41. Kc4 g6 42. Ra3 Ka8 43. Ra5 Re8 44. Kd5 d3 45. Ra1 d2 46. Rd1 Kxa7 47. Kc6 Re6+ 48. Kd7 Rb6 49. Rxd2 Rb4 50. Re2 Rb6 51. Re3 h5 52. Kc7 Ra6 53. Rg3 Ka8 54. Rg5 Ra7+ 55. Kd6 Kb7 56. Kxe5 Ra6 57. Kf4 Kc7 58. Rd5 Ra2 59. Kg3 Ra3+ 60. Kh4 Ra4 61. Kg5 Rxe4 62. Kxg6 Rg4+ 63. Rg5 Ra4 64. Kxh5 Kd6 65. Kg6 Ke6 66. Rg3 Re4 67. Rg5 Ra4 68. g4 Ra8 69. h4 Rf8 70. h5 Rf6+ 71. Kg7 Rf7+ 72. Kg8 Ra7 73. Rg6+ Ke5 74. Rg7 Ra6 75. g5 Kf5 76. h6 Ke5 77. Kh7 Kf5 78. g6 Kg5 79. Rg8 Ra7+ 80. g7 Ra6 81. Rd8 Rxh6+ 82. Kg8 Rf6 83. Rd7 Kg6 84. Kh8 Rf8+ 85. gxf8Q Kg5 86. Rg7+ Kh5 87. Qf3+ Kh6 88. Qh1# 1-0

[Event "CZE-ch U10"]
[Site "Kouty nad Desnou"]
[Date "2017.03.15"]
[Round "6"]
[White "Korsinskij, Marek"]
[Black "Paseka, Matyas"]
[Result "0-1"]
[WhiteElo "1648"]
[BlackElo "1441"]
[PlyCount "72"]
[EventDate "2017.03.11"]
[EventType "swiss"]
[EventRounds "9"]
[EventCountry "CZE"]
[SourceTitle "CBM 177 Extra"]
[Source "ChessBase"]
[SourceDate "2017.04.27"]
[SourceVersion "1"]
[SourceVersionDate "2017.04.27"]
[SourceQuality "1"]

1. e4 c5 2. Nf3 d6 3. d4 cxd4 4. Nxd4 Nf6 5. Nc3 a6 6. Bc4 e6 7. Bb3 b5 8. 0-0 Be7 9. Qf3 Qb6 10. Be3 Qb7 11. Qg3 b4 12. Na4 Nbd7 13. f3 0-0 14. Rad1 Nc5 15. Nxc5 dxc5 16. Ne2 Bd7 17. Rd2 Rfc8 18. c3 a5 19. Rfd1 c4 20. e5 Nd5 21. Bc2 Nxe3 22. Rxd7 Qb6 23. Qf2 Bc5 24. R1d6 Bxd6 25. Rxd6 Qc5 26. Be4 Qxe5 27. Rd4 Nd5 28. f4 Qd6 29. Qf3 Rc5 30. f5 Rd8 31. Nf4 Qe7 32. fxe6 fxe6 33. Qh5 h6 34. Qe5 Nf6 35. Rxd8+ Qxd8 36. Qxc5 Qd1+ 0-1

[Event "CZE-ch U10"]
[Site "Kouty nad Desnou"]
[Date "2017.03.14"]
[Round "5"]
[White "Korsinskij, Marek"]
[Black "Fizer, Marek"]
[Result "1-0"]
[WhiteElo "1648"]
[BlackElo "1493"]
[PlyCount "143"]
[EventDate "2017.03.11"]
[EventType "swiss"]
[EventRounds "9"]
[EventCountry "CZE"]
[SourceTitle "CBM 177 Extra"]
[Source "ChessBase"]
[SourceDate "2017.04.27"]
[SourceVersion "1"]
[SourceVersionDate "2017.04.27"]
[SourceQuality "1"]

1. e4 c5 2. Nf3 Nc6 3. d4 cxd4 4. Nxd4 Nf6 5. Nc3 e5 6. Ndb5 d6 7. Bg5 a6 8. Na3 b5 9. Nd5 Be7 10. Bxf6 Bxf6 11. c3 0-0 12. Nc2 Re8 13. Be2 Bb7 14. Nce3 Ne7 15. 0-0 Rc8 16. Bg4 Nxd5 17. Nxd5 Rc5 18. Nxf6+ Qxf6 19. Bf3 Qg6 20. Re1 Rec8 21. a3 Rc4 22. Qe2 a5 23. Qe3 R4c5 24. Rad1 h6 25. Rd2 R8c6 26. Red1 Bc8 27. Rxd6 Rxd6 28. Qxc5 Rxd1+ 29. Bxd1 Bh3 30. Bf3 Qg5 31. Qe3 Qxe3 32. fxe3 Be6 33. Be2 Bd7 34. Kf1 f6 35. b4 axb4 36. axb4 Kf7 37. c4 bxc4 38. Bxc4+ Ke7 39. Ke2 Kd6 40. Kd3 g5 41. Kc3 h5 42. Bf7 h4 43. Kc4 g4 44. g3 h3 45. Bd5 f5 46. exf5 Bxf5 47. e4 Bd7 48. b5 Bc8 49. b6 Ba6+ 50. Kb4 Be2 51. b7 Kc7 52. Kc5 Ba6 53. b8Q+ Kxb8 54. Kd6 Kc8 55. Be6+ Kd8 56. Bxg4 Bc8 57. Bxc8 Kxc8 58. Kxe5 Kd7 59. g4 Ke7 60. g5 Kf7 61. Kf5 Kg7 62. e5 Kf7 63. g6+ Ke7 64. e6 Kf8 65. Kf6 Ke8 66. g7 Kd8 67. g8Q+ Kc7 68. e7 Kb6 69. Qc4 Ka5 70. e8Q Kb6 71. Qeb5+ Ka7 72. Qa2# 1-0

[Event "CZE-ch U10"]
[Site "Kouty nad Desnou"]
[Date "2017.03.12"]
[Round "2"]
[White "Matus, Jakub"]
[Black "Korsinskij, Marek"]
[Result "0-1"]
[WhiteElo "1206"]
[BlackElo "1648"]
[PlyCount "88"]
[EventDate "2017.03.11"]
[EventType "swiss"]
[EventRounds "9"]
[EventCountry "CZE"]
[SourceTitle "CBM 177 Extra"]
[Source "ChessBase"]
[SourceDate "2017.04.27"]
[SourceVersion "1"]
[SourceVersionDate "2017.04.27"]
[SourceQuality "1"]

1. e4 c5 2. d4 cxd4 3. c3 dxc3 4. Nxc3 e6 5. Bc4 Nc6 6. Nf3 a6 7. Bf4 Nge7 8. 0-0 Ng6 9. Be3 b5 10. Bb3 Bb7 11. Qe2 Be7 12. Rfd1 0-0 13. Rac1 Rc8 14. Rd2 Qc7 15. Rcd1 d6 16. Rc2 Qb8 17. Bg5 Bxg5 18. Nxg5 h6 19. Nf3 Nge5 20. Nxe5 Nxe5 21. f4 Nc4 22. Bxc4 Rxc4 23. Rcd2 Rd8 24. Qe3 b4 25. Nb1 Rxe4 26. Qb6 d5 27. g3 Qa8 28. b3 Rc8 29. Rd3 Rc2 30. Nd2 Re2 31. h4 Rxa2 32. Kf1 Rh2 33. Qg1 Rhxd2 34. R3xd2 Ra3 35. Rb2 a5 36. Qb6 Qc8 37. Qe3 a4 38. Rc1 Ba6+ 39. Ke1 Qb7 40. g4 axb3 41. Rxb3 d4 42. Qh3 Rxb3 43. Qxb3 Qh1+ 44. Kf2 Qh2+ 0-1

[Event "Prague Golden rap U20 op 11th"]
[Site "Prague"]
[Date "2015.06.20"]
[Round "6"]
[White "Korsinskij, Marek"]
[Black "Vartazarian, Gor"]
[Result "0-1"]
[WhiteElo "1479"]
[BlackElo "1359"]
[PlyCount "78"]
[EventDate "2015.06.20"]
[EventType "swiss (rapid)"]
[EventRounds "7"]
[EventCountry "CZE"]
[SourceTitle "EXT 2017"]
[Source "ChessBase"]
[SourceDate "2016.10.25"]
[SourceVersion "1"]
[SourceVersionDate "2016.10.25"]
[SourceQuality "1"]

1. e4 e5 2. Nf3 Nc6 3. Bc4 Nf6 4. Nc3 h6 5. 0-0 Bc5 6. d3 0-0 7. Be3 Bxe3 8. fxe3 d6 9. d4 Re8 10. d5 Ne7 11. Bb5 c6 12. dxc6 bxc6 13. Bc4 d5 14. exd5 Nexd5 15. Bxd5 cxd5 16. Qd2 Bb7 17. Rad1 Qd7 18. e4 Rad8 19. Rfe1 d4 20. Qe2 Qe7 21. Nb1 Ng4 22. Nxd4 Rxd4 23. Qxg4 Rxd1 24. Rxd1 Qc5+ 25. Kh1 Qxc2 26. Qd7 Qc8 27. Qxc8 Rxc8 28. Nc3 f6 29. Rd7 Bxe4 30. Rxa7 Rc4 31. Ra4 Rxa4 32. Nxa4 Bd5 33. Kg1 Bxa2 34. b4 Bd5 35. Kf2 Kf8 36. Nc5 Ke7 37. g3 Kd6 38. Ke3 Kc6 39. Nd3 Kb5 0-1